| 000 | 00776nam a2200253Ia 4500 | ||
|---|---|---|---|
| 001 | dia_4014 | ||
| 003 | CHAP | ||
| 005 | 20250506093640.0 | ||
| 007 | ta | ||
| 008 | 220601s9999 mx f 000 0 spa d | ||
| 040 |
_amxchpua _cCHAP |
||
| 090 | _aFOLLETO 2559 | ||
| 100 | 1 |
_aGallegos Vázquez, Clemente _944424 |
|
| 245 | 1 | 3 |
_aVII congreso sobre conocimiento y aprovechamiento del nopal en Monterrey del 15 al 19 de septiembre 1997 / _cClemente Gallegos Vázquez |
| 260 |
_aMéxico : _bFAO : CONACYT, |
||
| 300 | _a40 páginas | ||
| 500 | _aD. Fotocopia | ||
| 650 | 1 | 7 |
_aNopal _981647 |
| 650 | 1 | 7 |
_aNopal _981647 _xEnfermedades |
| 901 | _aFOLLETO 2559 | ||
| 902 | _aM | ||
| 905 | _a0000001997 mx 0000000000spa00 | ||
| 942 |
_cFOLL _2local |
||
| 999 |
_c209442 _d209442 |
||